000 01454nam a2200313 i 4500
001 9014
003 KOSZ 005
005 20180421110140.0
008 060511s2003 pl a |000 0 pol
015 _aPB 2006/17783
020 _a8373650474
040 _aWA N
_cKOSZ 005/HR
_dKOSZ 005/HR
041 0 _apol
_beng
080 _a658.114:658.14/.17(438)"1989/..."
080 _a332.1(438)"1989/..."
080 _a339.7(4-67)"1989/..."
100 1 _aSOBIECH, Jan.
_bPolitechnika Koszalińska - Wydział Ekonomii i Zarządzania
_cKatedra Rachunkowości i Finansów
245 0 0 _aFormy finansowego wspomagania lokalnej przedsiębiorczości :
_bpraca zbiorowa /
_cpod red. Jana Sobiecha i Danuty Zawadzkiej.
260 _aKoszalin :
_bWydawnictwo Uczelniane Politechniki Koszalińskiej,
_c2003.
504 _aBibliogr. przy pracach.
546 _aStreszcz. ang. przy pracach.
650 4 _aGospodarka terenowa
650 0 _aPrzedsiębiorstwa małe i średnie.
650 4 _aProgramy i fundusze wspólnotowe
700 _aZAWADZKA, Danuta.
_d1999-2006.
_bPolitechnika Koszalińska - Wydział Ekonomii i Zarządzania,
_cKatedra Rachunkowości i Finansów, Zakład Finansów
856 _uhttp://koha.tu.koszalin.pl/cgi-bin/koha/opac-detail.pl?biblionumber=43673
_yKatalog online BPK
856 _uhttp://dlibra.tu.koszalin.pl/dlibra/docmetadata?id=497&from=&dirids=1&ver_id=&lp=2&QI=
_yBiblioteka Cyfrowa
942 _2UKD
_cKS
999 _c9014
_d9014